| 000 | 00940nam a2200205 a 4500 | ||
|---|---|---|---|
| 001 | BRCA_502 | ||
| 005 | 20190320203033.0 | ||
| 008 | 110408s2007----fr-a---###---#000-0#fre-# | ||
| 020 | _a9782915133592 | ||
| 050 | 4 |
_aNK4267 _b.I34 2007 |
|
| 245 | 1 | 0 |
_aIdeqqi _bart de femmes berbères. |
| 260 |
_aParís _b5 Continentes : Musée du quai Branly _c2007 |
||
| 300 |
_a95 p. _bil. (algunas a color), fotografías, mapas _c26 cm. |
||
| 500 | _aCatálogo de la exposición realizada en el Musée du quai Branly (París), 19 junio-16 septiembre, 2007 | ||
| 504 | _aBibliografía : p. 93-94 | ||
| 520 | 3 | _aIdeqqi, voz africana que significa alfarería, da nombre a esta exposición de piezas africanas elaboradas por mujeres de la etnia berbère (ubicada principalmente en Marruecos y Argelia) | |
| 650 | 1 | 4 |
_aCerámica de barro _ySiglo XIX y XX _zAfrica del Norte _91727 |
| 650 | 1 | 4 |
_aAlfarería _xEtnia Berbère _zAfrica del Norte _91728 |
| 942 |
_2lcc _cB |
||
| 999 |
_c435 _d435 |
||